Biological Hierarchies - Statistics

General Stats
  • This quiz has been taken 9 times
  • The average score is 6 of 12
Answer Stats
Hint Answer % Correct
Multiple Atoms Molecule
75%
Multiple tissues working together Organ
63%
Single living thing Organism
63%
Collection of Cells Tissue
63%
Individual Elements Atom
50%
An area with Biotic and abiotic things Ecosystem
50%
All of a species Population
50%
Everything on Earth Biosphere
38%
Collection of organelles Cell
38%
Collection of Molecules Organelle
38%
Group of Organs working together Organ System
38%
All living things in an area Community
13%
No matching quizzes found
Score Distribution
Percent of People with Each Score
Percentile by Number Answered
Your Score History
You have not taken this quiz